Кристаллография: учебное пособие

Dettagli Bibliografici
Autore principale: Шаскольская М. П. Марианна Петровна
Riassunto:В книге излагаются основы классической кристаллографии и кристаллохимии, а также вопросы широко развившейся за последние годы кристаллофизики, технической кристаллографии, приводятся инженерные методы расчета свойств кристаллов, описываются новые кристаллические материалы и подробно рассматривается применение кристаллов в технике.Для студентов высших технических учебных заведений.
Lingua:russo
Pubblicazione: Екатеринбург, Юланд, 2016
Edizione:3-е изд., перераб. и доп.
Soggetti:
Natura: MixedMaterials Libro
KOHA link:https://koha.lib.tpu.ru/cgi-bin/koha/opac-detail.pl?biblionumber=318631

MARC

LEADER 00000nam0a2200000 4500
001 318631
005 20231102003110.0
010 |a 5747000641 
035 |a (RuTPU)RU\TPU\book\344129 
035 |a RU\TPU\book\60927 
090 |a 318631 
100 |a 20160428d2016 m y0rusy50 ca 
101 0 |a rus 
102 |a RU 
105 |a a j 001zy 
200 1 |a Кристаллография  |e учебное пособие  |f М. П. Шаскольская 
205 |a 3-е изд., перераб. и доп. 
210 |a Екатеринбург  |c Юланд  |d 2016 
215 |a 375 с. 
320 |a Библиогр.: с. 371 
320 |a Предметный указатель: с. 372-375. 
330 |a В книге излагаются основы классической кристаллографии и кристаллохимии, а также вопросы широко развившейся за последние годы кристаллофизики, технической кристаллографии, приводятся инженерные методы расчета свойств кристаллов, описываются новые кристаллические материалы и подробно рассматривается применение кристаллов в технике.Для студентов высших технических учебных заведений. 
451 1 |0 (RuTPU)RU\TPU\book\49089  |t Кристаллография  |o учебник для втузов  |f М. П. Шаскольская  |c Москва  |n Высшая школа  |d 1976  |p 391 с.  |a Шаскольская, Марианна Петровна 
606 1 |a Кристаллография  |2 stltpush  |3 (RuTPU)RU\TPU\subj\16322  |9 42433 
610 1 |a кристаллы 
610 1 |a расчеты 
610 1 |a применение 
610 1 |a учебные пособия 
610 1 |a симметрия 
610 1 |a структура 
610 1 |a кристаллохимия 
610 1 |a физические свойства 
610 1 |a реальные кристаллы 
610 1 |a физика 
610 1 |a рост 
675 |a 548(075.8)  |v 3 
700 1 |a Шаскольская  |b М. П.  |g Марианна Петровна 
801 0 |a RU  |b 63413507  |c 20011210  |g PSBO 
801 2 |a RU  |b 63413507  |c 20160510  |g PSBO 
900 |a Кристаллография и минералогия 
900 |a Основы кристаллографии и минералогии 
900 |a Теория строения материалов 
942 |c BK 
952 |l 8